| 000 | 01707cam a2200361 a 4500 | ||
|---|---|---|---|
| 999 |
_c233677 _d233677 |
||
| 001 | 15682560 | ||
| 003 | Nust | ||
| 005 | 20170309170412.0 | ||
| 008 | 090401s2009 nyu 000 1 eng | ||
| 010 | _a 2009013163 | ||
| 020 | _a9780061434402 | ||
| 020 | _a006143440X | ||
| 020 | _a9780007323975 | ||
| 035 | _a(OCoLC)ocn262884378 | ||
| 040 |
_aDLC _cDLC _dYDX _dBTCTA _dDOV _dYDXCP _dGO3 _dABG _dCDX _dIGP _dBWX _dNXA _dUPZ _dDLC |
||
| 050 | 0 | 0 |
_aPR6069.M5225 _bB33 2009 |
| 082 | 0 | 0 |
_a823.914 _bMAR |
| 100 | 1 |
_aMarshall, Michael, _d1965 May 3- |
|
| 245 | 1 | 0 |
_aBad things / _cMichael Marshall. |
| 250 | _a1st ed. | ||
| 260 |
_a[New York] : _bWilliam Morrow, _c2009. |
||
| 300 |
_a370 p. ; _c24 cm. |
||
| 520 | _aThree years after losing his four-year-old son in a bizarre accident involving a lake jetty, John finds his precarious hold on a normal life destabilized when he receives an e-mail from a stranger claiming to know the truth, a situation that triggers a terrifying sequence of events. | ||
| 650 | 0 |
_aFathers _vFiction. |
|
| 650 | 0 |
_aMissing children _vFiction. |
|
| 655 | 0 | _aPsychological fiction. | |
| 655 | 7 |
_aSuspense fiction. _2gsafd |
|
| 856 | 4 | 2 |
_3Contributor biographical information _uhttp://www.loc.gov/catdir/enhancements/fy0911/2009013163-b.html |
| 856 | 4 | 2 |
_3Publisher description _uhttp://www.loc.gov/catdir/enhancements/fy0911/2009013163-d.html |
| 906 |
_a7 _bcbc _corignew _d1 _eecip _f20 _gy-gencatlg |
||
| 942 |
_2ddc _cBK |
||